00314 a2200109 450000500170000002000220001708200120003910000150005124500600006626000450012630000330017120250627150752.0 a978-0-85702-784-9 a300 ALL aALLEYNE, B aNarrative Networks: Storied Approaches in a Digital Age aLos AngelsbSAGE Publications Ltdc2015. axvi, 207p.bReferencesc23cm